[Event "Yingmei Cup CHN-chT 2017"]
[Site "?"]
[Date "2017.05.25"]
[Round "7"]
[White "Liu, Guanchu"]
[Black "Lou, Yiping"]
[Result "1/2-1/2"]
[WhiteElo "2437"]
[BlackElo "2467"]
[Annotator "TA"]
[PlyCount "77"]
[EventDate "2017.??.??"]
[SourceTitle "Jinhua-Lanxi"]

1. e4 e6 2. d4 d5 3. exd5 exd5 4. Nf3 Nf6 5. Bd3 Bd6 6. Qe2+ Qe7 7. Qxe7+ Kxe7
8. O-O {C01: French: Exchange Variation} Re8 9. Nc3 c6 10. Re1+ Kf8 {LiveBook:
4 Games} 11. Rxe8+ Kxe8 12. Bd2 h6 13. Re1+ Kf8 14. Ne5 Nbd7 15. f4 {[#]} Ne8
$146 ({Predecessor:} 15... Nb6) 16. Ne2 Nc7 17. Ng3 Nf6 18. h3 c5 19. dxc5
Bxc5+ 20. Kh2 (20. Be3 $5 b6 21. Bxc5+ bxc5 22. c4 $11) 20... a5 21. Nf5 b6 (
21... Ne4 $5 22. Bxe4 dxe4 $11) 22. g4 Ne6 23. a3 Kg8 24. b4 Bf8 25. Nc6 axb4
26. axb4 Bb7 (26... Bd7 $11 27. Nce7+ Kh8) 27. Nfe7+ $14 Bxe7 28. Nxe7+ Kf8 29.
Ng6+ Kg8 30. Ne7+ Kf8 31. Nf5 Rd8 (31... Bc6 $14) 32. Ra1 $16 d4 33. Ng3 g5 34.
fxg5 Nxg5 {[#] Strongly threatening ...Nf3+.} 35. Bxg5 (35. Ra7 $16 Rd7 36. Be2
) 35... hxg5 $14 36. Ra7 Bc8 37. Bf5 Bxf5 38. Nxf5 Nd5 39. Nxd4 {Precision:
White = 34%, Black = 50%.} 1/2-1/2

[Event "Yingmei Cup CHN-chT 2017"]
[Site "?"]
[Date "2017.05.25"]
[Round "7"]
[White "Peng, Xiongjian"]
[Black "Fang, Yan"]
[Result "0-1"]
[WhiteElo "2423"]
[BlackElo "2447"]
[Annotator "TA"]
[PlyCount "68"]
[EventDate "2017.??.??"]
[SourceTitle "Jinhua-Lanxi"]

1. e4 c5 2. Nf3 e6 3. d4 cxd4 4. Nxd4 a6 5. Bd3 Qc7 6. O-O Nf6 7. Qe2 d6 8. c4
g6 9. Nc3 Bg7 10. h3 {[%emt 0:00:05] B42: Sicilian: Kan Variation: Bd3} (10.
Nf3 O-O 11. h3 Nc6 12. Be3 Nd7 13. Rac1 Nde5 14. Rfd1 Nxf3+ 15. Qxf3 Ne5 16.
Qe2 b6 17. b3 Bb7 18. Bb1 Rfd8 {0-1 (61) Volokitin,A (2624)-Vallejo Pons,F 
(2711) Almaty 2016}) 10... O-O 11. Be3 b6 12. Rac1 Bb7 13. Rfd1 Nbd7 14. Nf3
Rac8 {LiveBook: 7 Games} 15. b3 Qb8 16. Bb1 Rfd8 $146 (16... d5 $5) ({
Predecessor:} 16... Nc5 17. Bf4 e5 18. Bg5 {0-1 (80) Aslanian,L (2230)
-Arakhamia Grant,K (2450) Moscow 1994}) 17. Bg5 Re8 18. Qd2 Nc5 19. Qf4 e5 20.
Qe3 (20. Qh4 $5 Nh5 21. Be7 $14) 20... Bc6 21. b4 Ne6 22. Bh6 b5 23. Bxg7 Kxg7
24. cxb5 axb5 25. Bc2 Nf4 26. Bb3 h6 27. Rc2 Re7 28. Rcd2 ({White should play} 
28. h4 $11) 28... Ba8 $15 29. Nd5 (29. Rc2 $142) 29... Bxd5 $1 $17 30. Bxd5 (
30. exd5 $142 Rec7 31. Nxe5 dxe5 32. Qxe5) 30... N4xd5 31. exd5 Qa7 32. Qe2 Rc4
33. a4 (33. Rc2 $142) 33... Qxa4 $19 34. Nd4 $2 {[#]} (34. Ne1) 34... Rxd4 {
Precision: White = 27%, Black = 67%.} 0-1

[Event "Yingmei Cup CHN-chT 2017"]
[Site "?"]
[Date "2017.05.25"]
[Round "7"]
[White "Guo, Qi"]
[Black "Zhang, Xiaowen"]
[Result "0-1"]
[WhiteElo "2413"]
[BlackElo "2345"]
[Annotator "TA"]
[PlyCount "104"]
[EventDate "2017.??.??"]
[SourceTitle "Jinhua-Lanxi"]

1. d4 d5 2. c4 e6 3. Nc3 Nf6 4. Bg5 Be7 5. Nf3 O-O 6. e3 h6 7. Bxf6 Bxf6 8. Qc2
Na6 9. Rd1 c5 {[%emt 0:00:07] D55: Queen's Gambit Declined: 4 Bg5 Be: Lines
without ...h6 and 6...h6 7 Bxf6} 10. dxc5 Qa5 11. cxd5 {LiveBook: 5 Games. And
now Bxa6 would win.} exd5 (11... Nxc5 $14 12. dxe6 Bxe6) 12. Nd4 ({Stronger
than} 12. Rxd5 Nb4 $17) (12. Bxa6 $1 $16 bxa6 13. Qd2 (13. Rxd5 Be6 $14)) 12...
Nxc5 $11 13. Bd3 {[#]} Bxd4 $146 ({Predecessor:} 13... Nxd3+ 14. Qxd3 Be6 15.
O-O Rfd8 16. Qb5 Qxb5 17. Ncxb5 {1/2-1/2 (37) Van Wely,L (2475)-Pigusov,E 
(2540) Vienna 1991}) 14. Bh7+ Kh8 15. Rxd4 f5 16. b4 Qa6 17. bxc5 Kxh7 18. Nxd5
Be6 19. Ra4 Qc6 20. Nf4 b5 21. Nxe6 Qxg2 22. Nxf8+ Rxf8 23. Rf4 Qxh1+ $16 {
Endgame KQR-KQR} 24. Ke2 Qc6 25. Rxf5 Qg6 26. e4 Qg4+ (26... Re8 $16 27. Kf1
Rc8) 27. Ke3 $18 Re8 28. Rd5 Qg1 29. Rd1 $2 (29. c6 $18) 29... Qxh2 ({Black
should play} 29... Qg2 $14) 30. c6 {[#] Threatens to win with c7.} Rf8 {
Hoping for ...Qh3+.} 31. Rd7 $2 (31. Rd5 $18) 31... Kh8 $11 32. Rd5 {c7 is the
strong threat.} Qf4+ $1 33. Kd4 {Black must now prevent c7.} Qf6+ 34. e5 Qh4+
35. Kc5 {[#] aiming for c7.} Qe7+ 36. Kxb5 a6+ $2 (36... Qc7 $1 $11 37. Qc5 Rf4
) 37. Kc4 $4 ({Don't go for} 37. Kxa6 $2 Qa3+ 38. Kb7 Qa8+ 39. Kb6 Rb8+ 40. Kc5
Qa5+ 41. Kd4 Rb4+ 42. Qc4 Rxc4+ 43. Kxc4 Qxa2+ 44. Kc5 Qa5+ 45. Kd6 Qd8+ 46.
Kc5 Qf8+ 47. Kc4 Qxf2 $19) (37. Ka5 $18 {is the narrow road to win. Strongly
threatening c7.} Qc7+ 38. Ka4) 37... Rf4+ $19 38. Kd3 $2 (38. Rd4 Qe6+ 39. Kc5
Qxe5+ 40. Rd5) 38... Qa3+ 39. Qb3 Rf3+ 40. Ke4 (40. Kc2 $142 Rxb3 41. axb3)
40... Rxb3 41. axb3 Qxb3 {KQ-KR} 42. Rc5 Qb6 43. Kd5 Qc7 44. Rc1 h5 45. Rb1
Qa5+ 46. Kd6 Qd8+ 47. Ke6 Qc7 48. Kd5 Qf7+ 49. Kc5 Qxf2+ 50. Kd6 Qd4+ 51. Kc7
Qxe5+ 52. Kb6 Qb8+ {Precision: White = 44%, Black = 42%.} 0-1

[Event "Yingmei Cup CHN-chT 2017"]
[Site "?"]
[Date "2017.05.25"]
[Round "7"]
[White "Li, Yankai"]
[Black "Wang, Chen"]
[Result "1/2-1/2"]
[WhiteElo "2392"]
[BlackElo "2505"]
[Annotator "TA"]
[PlyCount "66"]
[EventDate "2017.??.??"]
[SourceTitle "Jinhua-Lanxi"]

1. c4 Nf6 2. Nc3 c5 3. Nf3 Nc6 4. e3 e6 5. d4 d5 6. cxd5 Nxd5 7. Bd3 Be7 8. O-O
O-O 9. dxc5 {[%emt 0:00:07] D42: Queen's Gambit Declined: Semi-Tarrasch: 5
cxd5 Nxd5 6 e3 Nc6 Bd3} (9. Be4 cxd4 10. exd4 Nf6 11. Bxc6 bxc6 12. Na4 Ba6 13.
Re1 Bb5 14. Bg5 h6 15. Bxf6 Bxf6 16. Rc1 Qd5 17. Nc3 Qf5 18. Ne4 Rfd8 19. Nxf6+
Qxf6 {0-1 (72) Melkumyan,H (2633)-Ganguly,S (2668) Doha 2016}) 9... Nxc3 10.
bxc3 Bxc5 11. Qc2 h6 12. Bb2 $146 ({Predecessor:} 12. Rd1 Qc7 13. Bb2 e5 14. a3
Be6 15. Bf1 Qe7 16. c4 f6 17. Nh4 {1-0 (17) Molchanov,N-Kotenko,P (2275)
Novokuznetsk 1998}) 12... Bd7 13. c4 Qe7 14. Bh7+ Kh8 15. Be4 Rfd8 16. Rfd1
Rac8 17. Nd4 Bd6 18. Nb5 Bc5 19. Nd4 Nxd4 20. exd4 Ba3 $1 21. Bxa3 Qxa3 22.
Bxb7 {[#] Rd3 is the strong threat.} (22. Qb3 $5 Qa5 23. Bc2 $11 (23. Bxb7 Ba4
$17)) 22... Rc7 23. Bf3 Ba4 24. Rd3 Bxc2 25. Rxa3 {The position is equal.} Rxd4
26. c5 Rxc5 27. Rxa7 f6 28. Rc1 $36 {White has the initiative.} Rcc4 29. Be2
Ra4 30. Rxa4 Bxa4 31. Rc4 Rd2 32. Rxa4 {[#] Strongly threatening Kf1.} Rxe2 33.
g3 Kh7 {Precision: White = 70%, Black = 66%.} 1/2-1/2

[Event "Yingmei Cup CHN-chT 2017"]
[Site "?"]
[Date "2017.05.25"]
[Round "7"]
[White "Wang, Jue"]
[Black "Zhai, Mo"]
[Result "1/2-1/2"]
[WhiteElo "2335"]
[BlackElo "2303"]
[Annotator "TA"]
[PlyCount "193"]
[EventDate "2017.??.??"]
[SourceTitle "Jinhua-Lanxi"]

1. e4 e6 2. d4 d5 3. Nc3 Nf6 4. e5 Nfd7 5. f4 c5 6. Nf3 Be7 {C11: French:
Classical System: 4 e5 and 4 Bg5 dxe4} (6... Nc6 7. Be3 Be7 8. Qd2 a6 9. a3 O-O
10. Be2 b6 11. Nd1 f6 12. c3 a5 13. O-O Ba6 14. Bxa6 Rxa6 15. exf6 Nxf6 16. Nf2
Bd6 {1/2-1/2 (46) Jakovenko,D (2718)-Korobov,A (2695) Poikovsky 2017}) 7. Be3
b6 8. Qd2 a5 (8... O-O $11) 9. Be2 $146 ({Predecessor:} 9. f5 O-O 10. Bb5 cxd4
11. Bxd4 Bb7 12. f6 gxf6 13. Qh6 Nxe5 14. h4 Ng4 {1-0 (23) Dann,M (2482)
-Kuklin,V (2366) Boeblingen 2016}) 9... Ba6 10. O-O Bxe2 11. Nxe2 Nc6 12. c4
cxd4 13. Nexd4 Bb4 14. Qe2 Nxd4 15. Nxd4 {aiming for cxd5.} dxc4 16. Qxc4 Qc8
17. Qb5 Bc5 18. Rad1 Qa6 19. Qxa6 Rxa6 20. Kf2 Bxd4 21. Rxd4 Ke7 22. Rc1 Ra7
23. Rc6 Rb7 24. Rdd6 Rhb8 25. Kf3 b5 26. Bf2 Ra8 27. Ke4 $36 {Keeping Black
busy.} h5 28. h3 a4 29. g4 hxg4 30. Bh4+ Ke8 31. hxg4 b4 32. f5 Nf8 33. Rb6 (
33. Ra6 $16 Rbb8 34. Rdb6) 33... Rbb8 (33... Rxb6 $1 $14 34. Rxb6 b3 35. axb3
axb3) 34. Be1 Nd7 (34... Rxb6 $16 35. Rxb6 b3 36. axb3 Nd7) 35. Rxb4 $18 Rxb4+
36. Bxb4 {Endgame KRB-KRN} Rb8 37. a3 Rb5 38. Bc3 (38. fxe6 Rxe5+ 39. Kd3 Rxe6
$16) 38... Ke7 39. Rc6 Rd5 $2 (39... Kd8 40. Bd4 f6 41. exf6 (41. Rxe6 fxe5 42.
Be3 Nf6+ 43. Kf3 Kd7 $18) (41. fxe6 Nxe5 42. Rc5 Rxc5 $18) 41... exf5+ 42. gxf5
Nxf6+ 43. Kf4 Nd5+ 44. Kg5 Ke8 45. Bxg7 Ne7) 40. g5 Rb5 $2 (40... g6 41. f6+
Kd8) 41. f6+ gxf6 42. gxf6+ Kd8 43. Rd6 Kc7 {intending ...Nxf6+.} 44. Rd2 Nb6
45. Rh2 Rd5 46. Rh8 Kc6 47. Bd4 Nc4 48. Rc8+ Kb5 49. Rb8+ Kc6 {and the idea ...
Nd2+ leaves Black hopeful.} 50. Rb4 Nd2+ 51. Ke3 Nb3 52. Bc3 ({Don't take} 52.
Rxa4 $6 Nxd4 53. Rc4+ (53. Rxd4 Rxe5+ 54. Re4 Rf5 $16) 53... Kb6 $16) 52... Nc5
53. Rc4 Kb5 (53... Rd3+ $16 {was worth a try.} 54. Ke2 Rd5) 54. Rh4 $1 Nd3 55.
Rh5 (55. Ke4 $1 $16) 55... Kc4 $1 $14 56. Rh7 Nxe5 57. Rh4+ Kb5 58. Rb4+ Kc5
59. Rxa4 Nc4+ 60. Ke2 Rh5 (60... Nb6 $16 61. Rh4 Kc6) 61. Kd3 (61. Ra7 $1 $18)
61... Rh3+ 62. Kc2 Ne3+ 63. Kb1 (63. Kd2 $16 Nf5 64. Ra7) 63... Nd5 $11 64. Be5
Kb5 (64... Rf3 $11) 65. Ra7 $1 $16 Rh5 66. Bd6 (66. Bc3 $1 $16) 66... Nxf6 (
66... Rh7 $11) 67. Rxf7 Nd5 {[#]} 68. Kc2 (68. Rf8 $1 $16) 68... Rh3 (68... e5
$14) 69. Rf2 Kc4 {[#]} 70. Re2 (70. Rf8 $1 $16) 70... Ne3+ $1 $11 71. Kd2 Nf5 {
Strongly threatening ...Rd3+.} 72. Be5 Rd3+ 73. Ke1 Kd5 (73... Re3 $11 {
remains equal.}) 74. Kf2 (74. Bc3 $16) 74... Nh4 (74... Rh3 $11) 75. Bc3 $16
Rf3+ 76. Ke1 Ng6 77. Kd2 e5 78. Re3 ({White should play} 78. Kc2 $16) 78...
Rf2+ $1 $14 79. Re2 (79. Ke1 $14 Rh2 80. a4) 79... Rf3 $16 80. a4 (80. Kc2 $16)
80... e4 $1 $11 81. a5 {Hoping for a6.} (81. Re3 $5 Rf2+ 82. Re2 $16) 81... Nf4
$1 82. Re3 {Black must now prevent Rxf3.} Rf2+ 83. Kc1 Nd3+ 84. Kb1 Rf3 85. Re2
{White wants to play Kc2.} Rf1+ 86. Kc2 Nf4 87. Rd2+ Kc6 88. a6 e3 89. Rd4 Nd5
90. Re4 {a7 is the strong threat.} Ra1 {The position is equal.} 91. Bd4 {
Threatens to win with a7.} Rxa6 92. Re6+ Kb5 93. Rxa6 Kxa6 94. Kd3 Kb5 95. Bxe3
Nxe3 96. Kxe3 Kb4 97. Ke4 {Precision: White = 56%, Black = 41%.} 1/2-1/2

[Event "Yingmei Cup CHN-chT 2017"]
[Site "?"]
[Date "2017.05.25"]
[Round "7"]
[White "Liu, Shilan"]
[Black "Hong, Xing"]
[Result "1/2-1/2"]
[WhiteElo "2255"]
[BlackElo "1982"]
[Annotator "TA"]
[PlyCount "61"]
[EventDate "2017.??.??"]
[SourceTitle "Jinhua-Lanxi"]

1. e4 e5 2. Nf3 Nc6 3. Nc3 Nf6 4. d4 exd4 5. Nxd4 Bb4 6. Nxc6 bxc6 7. Bd3 d5 8.
exd5 cxd5 9. O-O O-O 10. Bg5 c6 11. Qf3 Be6 12. Ne2 {[%emt 0:00:04] C7: Scotch
Four Knights and Four Knights with 4 g3} h6 13. Bxf6 $1 Qxf6 14. Qxf6 {White
is slightly better.} gxf6 15. Nd4 Rac8 16. Nf5 $146 {Black must now prevent a3.
} ({Predecessor:} 16. c3 Bd6 17. Nf5 Bxf5 18. Bxf5 Rc7 19. Rad1 Re8 {1/2-1/2 
(41) Ardeleanu,A (2420)-Itkis,B (2460) Sovata 1998}) 16... Bxf5 17. Bxf5 Rb8
18. Rad1 Rfe8 19. c3 Bf8 20. Bd7 (20. Rd2 $5) 20... Re2 {The position is equal.
} 21. Bxc6 Rbxb2 22. Bxd5 Bc5 23. Kh1 Rxf2 24. Rxf2 Rxf2 $11 {Endgame KRB-KRB}
25. g3 f5 26. Bc4 f4 27. gxf4 Rxf4 28. Bd5 Rf2 29. Rd3 Kg7 30. Rf3 Rxf3 31.
Bxf3 {Precision: White = 71%, Black = 93%.} 1/2-1/2

[Event "Yingmei Cup CHN-chT 2017"]
[Site "?"]
[Date "2017.05.25"]
[Round "7"]
[White "Gu, Tianlu"]
[Black "Ding, Yixin"]
[Result "1-0"]
[WhiteElo "2212"]
[BlackElo "2420"]
[Annotator "TA"]
[PlyCount "69"]
[EventDate "2017.??.??"]
[SourceTitle "Jinhua-Lanxi"]

1. e4 c5 2. Nf3 d6 3. d4 cxd4 4. Nxd4 Nf6 5. Nc3 Nc6 6. Bg5 e6 7. Qd2 a6 8.
O-O-O Bd7 9. f4 b5 10. Bxf6 gxf6 11. Kb1 Qb6 12. Nxc6 Bxc6 13. Qe1 Be7 {
B67: Sicilian: Richter-Rauzer: 7...a6 8 0-0-0 Bd7, lines without 9 f4 Be7} (
13... O-O-O 14. Bd3 Rg8 15. Qh4 Rxg2 16. f5 Rg5 17. Qxh7 Bg7 18. h4 Rg2 19. Qh5
Qa7 20. Rhf1 Rg8 21. Ne2 {0-1 (44) Swiercz,D (2665)-Eliseev,U (2601) Moscow
2016}) 14. f5 b4 15. Ne2 e5 {LiveBook: 10 Games. White is slightly better.} 16.
Nc1 (16. Ng3 $1 $16) 16... Qb7 $11 17. Nb3 $146 {Na5 is the strong threat.} ({
Predecessor:} 17. Bd3 a5 18. Qe2 h5 19. Nb3 a4 20. Nd2 a3 21. b3 {0-1 (34)
Jacimovic,Z-Milovanovic,S Yugoslavia 1993}) 17... a5 $1 18. Nd2 d5 19. exd5
Bxd5 20. Bc4 Rg8 (20... Bc6 $11) 21. Bxd5 $14 Qxd5 22. Ne4 Qc6 23. Qe2 Rc8 24.
Rd2 (24. g4 $16) 24... Qc4 (24... Kf8 $14) 25. Qe3 Rg4 (25... Qc6 $1 $14) 26.
Re1 $18 a4 27. h3 Rg8 28. g4 $36 {White is in control.} ({But not} 28. Qa7 $6
a3 $16) 28... a3 $2 {[#]} (28... Qc6 {is tougher.} 29. Qh6 Rd8 30. Qxh7 Rf8 31.
Rxd8+ Kxd8) 29. b3 $2 ({Weaker is} 29. Qa7 Kf8 $14) (29. g5 $1 $18 {and the
rest is easy.} b3 (29... fxg5 30. f6) 30. cxb3) 29... Qc6 $16 30. Red1 (30. Kc1
$16) 30... Kf8 (30... h6 $1 $14) 31. Qh6+ $18 Rg7 $2 {[#]} (31... Ke8 $16) 32.
g5 $1 fxg5 33. f6 {White mates.} Bxf6 34. Nxf6 Qc3 35. Rd8+ {Precision: White
= 47%, Black = 24%.} 1-0

[Event "Yingmei Cup CHN-chT 2017"]
[Site "?"]
[Date "2017.05.25"]
[Round "7"]
[White "Peng, Hongchi"]
[Black "Yu, Yangyi"]
[Result "0-1"]
[WhiteElo "2210"]
[BlackElo "2750"]
[Annotator "TA"]
[PlyCount "50"]
[EventDate "2017.??.??"]
[SourceTitle "Jinhua-Lanxi"]

1. d4 Nf6 2. c4 e6 3. Nf3 a6 4. Nc3 d5 5. e3 Nbd7 6. Bd2 {[%emt 0:00:05] D37:
Queen's Gambit Declined: Bf4} (6. b3 b6 7. Bb2 Bb7 8. Bd3 Bd6 9. O-O O-O 10. a4
a5 11. Rc1 Rc8 12. cxd5 Nxd5 13. Nb5 Nb4 14. Bb1 Be7 15. e4 Ba6 16. Re1 c6 17.
Nc3 Nf6 {0-1 (53) Anton Guijarro,D (2650) -Vitiugov,N (2726) Tallinn 2016})
6... b6 $146 ({Predecessor:} 6... dxc4 7. Bxc4 b5 8. Be2 Bd6 9. Ng5 Bb7 10. Bf3
Qb8 11. a3 O-O 12. Nge4 c5 13. dxc5 Bxc5 14. Nxf6+ Nxf6 15. Bxb7 Qxb7 {1/2-1/2
(22) Ramesa,D (2326)-Kovacevic,B (2459) Sibenik 2010}) 7. Ne5 {[#] Hoping for
Nc6.} Bb7 8. Nxd7 {The position is equal.} Qxd7 9. cxd5 exd5 10. Qc2 Bd6 11. h3
c5 12. dxc5 bxc5 13. Bd3 O-O 14. Ne2 (14. O-O $142) 14... g6 $17 {White must
now prevent ...c4.} 15. Bc3 (15. Qc3 $17 {is a better defense.} d4 16. exd4)
15... Qe7 16. Qa4 (16. Qd2 {was worth a try.}) 16... d4 $1 $19 17. exd4 Bxg2
18. dxc5 Bxc5 ({Weaker is} 18... Bxh1 19. cxd6 Qxd6 20. Qh4 $11) 19. Rg1 {[#]}
(19. Rh2 $142 Rfd8 20. Rxg2 Rxd3 21. Kf1) 19... Be4 $1 20. Bc4 Bf5 {Black is
clearly winning.} 21. b4 (21. Rg2 $142 Ne4 22. Ba5) 21... Ne4 22. bxc5 Nxc3 23.
Qa3 Nxe2 24. Bxe2 Rfe8 25. Qe3 {If only White now had time for Qxe7....} Qf6 {
Precision: White = 19%, Black = 87%.} 0-1

[Event "Yingmei Cup CHN-chT 2017"]
[Site "?"]
[Date "2017.05.25"]
[Round "7"]
[White "Xu, Zhihang"]
[Black "Liu, Qingnan"]
[Result "0-1"]
[WhiteElo "2155"]
[BlackElo "2502"]
[Annotator "TA"]
[PlyCount "84"]
[EventDate "2017.??.??"]
[SourceTitle "Jinhua-Lanxi"]

1. Nf3 d5 2. g3 g6 3. Bg2 Bg7 4. d4 c5 5. O-O cxd4 6. Nxd4 {[%emt 0:00:03] D02:
1 d4 d5 2 Nf sidelines, including 2...Nf6 3 g3 and 2... Nf6 3 Bf4} e5 7. Nb3
Ne7 8. Bg5 (8. c4 $14) (8. c4 dxc4 9. Qxd8+ Kxd8 10. Na5 Nbc6 11. Nxc4 Be6 12.
Nba3 Kc7 {1-0 (38) Gajewski,G (2621)-Stupak,K (2564) St Petersburg 2016}) 8...
f6 $11 9. Bd2 $146 ({Predecessor:} 9. Be3 O-O 10. Bc5 d4 11. e3 Re8 12. exd4
exd4 13. Nxd4 Qc7 14. Ba3 Nec6 15. Nb5 Qb6 16. Nd6 Re5 17. Nxc8 Qa5 18. Nd6 Na6
19. Nc4 {1-0 (19) Batrak,A (1892)-Imanly,M (1636) Batumi 2010}) 9... Nbc6 10.
e4 dxe4 11. Bxe4 Bh3 12. Re1 f5 13. Bxc6+ Nxc6 14. Bc3 Qe7 15. Qd5 Rd8 16. Qc5
Qxc5 17. Nxc5 Kf7 18. Na3 {[#]} Rd5 $1 19. Nd3 b5 {Threatens to win with ...a5.
} 20. Nb4 Nxb4 21. Bxb4 e4 22. c4 bxc4 23. Nxc4 Rhd8 24. Rac1 g5 25. b3 Rd3 26.
Ne3 Bd4 27. Rc7+ Kg6 $1 28. Ba5 ({Better is} 28. Be7 $15 Bxe3 29. fxe3) 28...
Re8 29. Nc2 Bf6 30. Rc4 Re6 31. Bc7 Re7 32. Ne3 Red7 (32... Bc3 $142 33. Rd1
Bd2) 33. Rec1 (33. Rc6 $17 {was called for.}) 33... Bd4 {[#] ...Rxe3 is the
strong threat.} 34. Rc6+ (34. Bb8 {keeps fighting.}) 34... Kh5 $19 {Hoping for
...Rxe3.} 35. g4+ Bxg4 {Black is clearly winning.} 36. Nf1 {intending Ng3+.} f4
{Strongly threatening ...Rf3.} 37. Ba5 Bh3 38. Be1 (38. R6c2 $142 g4 39. Bc7)
38... Bb6 39. b4 Rf3 40. R6c2 e3 41. a4 Re7 42. a5 Bd4 {Precision: White = 39%,
Black = 83%.} 0-1

[Event "Yingmei Cup CHN-chT 2017"]
[Site "?"]
[Date "2017.05.25"]
[Round "7"]
[White "Jiang, Zhaoyi"]
[Black "Wang, Doudou"]
[Result "1/2-1/2"]
[WhiteElo "2056"]
[BlackElo "2207"]
[Annotator "TA"]
[PlyCount "66"]
[EventDate "2017.??.??"]
[SourceTitle "Jinhua-Lanxi"]

1. d4 Nf6 2. c4 e6 3. Nc3 d5 4. Nf3 c6 5. g3 Nbd7 6. Bg2 Bd6 7. O-O O-O 8. b3
Qe7 9. Bb2 b6 {E01: Catalan: Early deviations} (9... dxc4 10. bxc4 e5 11. e3
exd4 12. exd4 Ba3 13. Re1 Qb4 14. Bxa3 Qxa3 15. Qb3 Qxb3 16. axb3 Rd8 17. Na4 {
1-0 (39) Damljanovic,B (2567)-Ioannidis,E (2301) Belgrade 2016}) 10. Nd2 Bb7
11. e4 dxe4 {White is slightly better.} 12. Ncxe4 Ba3 13. Bc3 $146 (13. Bxa3
$14 Qxa3 14. Qc2) ({Predecessor:} 13. Bxa3 Qxa3 14. Qc2 Qe7 15. c5 Nd5 16. Rfe1
N7f6 {1/2-1/2 (74) Stambulian,A (2408)-Romkovich,V (2146) Anapa 2012}) 13...
Bb4 (13... Nd5 $11) 14. Bb2 Ba3 15. Bc3 (15. Bxa3 $14 Qxa3 16. Qc2) 15... b5 (
15... Nd5 $11) 16. Rb1 $14 Nxe4 17. Bxe4 Nf6 18. Bg2 (18. b4 $5) 18... Bd6 19.
a4 Rad8 20. Qe2 a6 21. Rfe1 b4 22. Bb2 a5 23. Ne4 Nxe4 24. Qxe4 Qd7 25. Rbd1
Rfe8 26. Qe2 Qc7 27. Qc2 Be7 28. Rd3 Bf6 29. Red1 Qe7 30. Re1 Qc7 31. Red1 Qe7
$1 32. Re1 Qc7 33. Red1 Qe7 $1 {Precision: White = 41%, Black = 56%.} 1/2-1/2

[Event "Yingmei Cup CHN-chT 2017"]
[Site "?"]
[Date "2017.07.26"]
[Round "8"]
[White "Grischuk, Alexander"]
[Black "Ding, Liren"]
[Result "1/2-1/2"]
[WhiteElo "2761"]
[BlackElo "2759"]
[Annotator "TA"]
[PlyCount "74"]
[EventDate "2017.??.??"]
[SourceTitle "Ningbo"]

1. e4 e5 2. Nf3 Nc6 3. Bb5 a6 4. Ba4 Nf6 5. O-O Be7 6. Re1 b5 7. Bb3 O-O 8. a4
b4 9. a5 d6 10. d3 Be6 11. Bxe6 {C88: Closed Ruy Lopez: Anti-Marshall Systems}
fxe6 12. Nbd2 Rb8 13. c3 {LiveBook: 3 Games} bxc3 (13... Rb5 14. c4 Rb8 15. Nb3
Qc8 16. Qe2 Nd7 17. d4 exd4 18. Nbxd4 Nxd4 19. Nxd4 {1/2-1/2 (44) Adams,M 
(2761)-Wojtaszek,R (2745) Shamkir 2017}) 14. bxc3 Rb5 {[#]} 15. d4 $146 exd4
16. cxd4 Nb4 17. Nf1 c5 18. dxc5 dxc5 19. Qb3 Qc8 20. Qc4 $1 Nc6 21. Bd2 Ng4
22. Bc3 Rxf3 23. gxf3 Nge5 24. Qe2 {Threatening f4.} c4 25. f4 (25. Bxe5 $5
Nxe5 26. Reb1 $11) 25... Nd3 $1 26. Qg4 {[#]} g6 27. f5 Nxe1 28. Rxe1 Ne5 29.
Bxe5 Rxe5 30. Ng3 c3 {[#] ...c2 is the strong threat.} 31. fxg6 {aiming for
Qf4.The position is equal.} Rg5 32. gxh7+ Kh8 33. Qf3 c2 34. Rc1 Rc5 {Hoping
for ...Bg5.} ({Don't play} 34... Rxa5 $6 35. Qf7 $16) 35. Qf7 Qf8 36. Qxf8+ ({
Not} 36. Qxe6 $2 Bg5 $19) 36... Bxf8 37. Nf1 $1 Bh6 {Precision: White = 79%,
Black = 71%.} 1/2-1/2

[Event "Yingmei Cup CHN-chT 2017"]
[Site "?"]
[Date "2017.07.26"]
[Round "8"]
[White "Yu, Yangyi"]
[Black "Wang, Hao"]
[Result "1/2-1/2"]
[WhiteElo "2750"]
[BlackElo "2690"]
[Annotator "TA"]
[PlyCount "115"]
[EventDate "2017.??.??"]
[SourceTitle "Ningbo"]

1. e4 e5 2. Nf3 Nc6 3. Bb5 Nf6 4. O-O Nxe4 5. Re1 Nd6 6. Nxe5 Be7 7. Bf1 Nxe5
8. Rxe5 O-O 9. Nc3 {C67: Ruy Lopez: Berlin Defence: 4 0-0 Nxe4} (9. d4 Bf6 10.
Re1 Nf5 11. d5 d6 12. Nd2 Re8 13. Ne4 Bd7 14. c3 h6 15. Bd3 Nh4 16. g3 Ng6 17.
f4 c6 18. Be3 {1/2-1/2 (70) Anand,V (2786)-Kramnik, V (2808) Leuven 2017}) 9...
Ne8 10. Nd5 Bd6 11. Re1 c6 12. Ne3 Be7 13. Nf5 Bf6 14. Qe2 d5 15. Ne7+ Kh8 {
[#] aiming for ... Be6.} 16. Nxc8 Rxc8 {[#]} 17. d3 $146 Nd6 18. Qg4 h6 19. g3
Bg5 20. c4 Bxc1 21. Raxc1 dxc4 22. dxc4 Qf6 (22... f5 $11 23. Qd1 Qf6) 23. Rcd1
$16 Rce8 24. c5 Nf5 25. Rxe8 Rxe8 26. Qf4 g5 27. Qf3 {[#] Black must now
prevent g4.} Kg7 28. Bh3 Re5 29. b4 a5 30. a3 axb4 31. axb4 h5 32. Qxh5 Nd4 $1
33. Bg4 (33. Bf1 $14 Re4 34. h3) 33... Re8 $1 $11 {Hoping for ...Rh8.} 34. Qh3
Qe5 ({Black should play} 34... Re4 $11) 35. Bh5 (35. Qf1 $1 $14) 35... Qd5 {
The position is equal.} 36. f4 {Threatens to win with Qg2.} (36. Qg2 $5 Re4 37.
f4 gxf4 38. gxf4+ Kf8 39. Qg4 $11) 36... Nf3+ 37. Bxf3 $1 Qxf3 {Endgame KQR-KQR
} 38. Rf1 Qe3+ 39. Kh1 Qe4+ 40. Qg2 g4 41. Qxe4 Rxe4 {KR-KR} 42. Rb1 Kf6 43.
Rb2 Kg6 44. Kg2 f5 45. h4 gxh3+ 46. Kxh3 Kh5 47. Rb1 Rc4 48. Rb3 Rd4 49. Rb2
Rc4 50. Rb1 Rd4 51. b5 Rc4 52. bxc6 bxc6 53. Re1 {And now Re5 would win.} Rxc5
54. Re6 Rc2 55. Rd6 Rc1 56. Rf6 Rc5 57. Rf8 Kg6 58. g4 {Precision: White = 70%,
Black = 76%.} 1/2-1/2